Atomic and molecular physics (Record no. 19085)

MARC details
000 -LEADER
fixed length control field 00684nam a2200217Ia 4500
003 - CONTROL NUMBER IDENTIFIER
control field IN-BaIIA
008 - FIXED-LENGTH DATA ELEMENTS--GENERAL INFORMATION
fixed length control field 211028s9999 xx 000 0 eng d
020 ## - INTERNATIONAL STANDARD BOOK NUMBER
International Standard Book Number 978-81-8487-169-2
040 ## - CATALOGING SOURCE
Transcribing agency IIA Library
080 ## - UNIVERSAL DECIMAL CLASSIFICATION NUMBER
Universal Decimal Classification number 539.1
Item number ATO
245 #0 - TITLE STATEMENT
Title Atomic and molecular physics
Remainder of title introduction to advanced topics
Statement of responsibility, etc. edited by Rajesh Srivastava and Rakesh Choubisa
260 ## - PUBLICATION, DISTRIBUTION, ETC.
Place of publication, distribution, etc. New Delhi
Name of publisher, distributor, etc. Narosa Publishing House
Date of publication, distribution, etc. 2012
300 ## - PHYSICAL DESCRIPTION
Extent viii, 235p.
650 ## - SUBJECT ADDED ENTRY--TOPICAL TERM
Topical term or geographic name entry element Atomic structur
9 (RLIN) 36438
650 ## - SUBJECT ADDED ENTRY--TOPICAL TERM
Topical term or geographic name entry element Atoms
9 (RLIN) 1137
650 ## - SUBJECT ADDED ENTRY--TOPICAL TERM
Topical term or geographic name entry element Molecular structur
9 (RLIN) 36439
650 ## - SUBJECT ADDED ENTRY--TOPICAL TERM
Topical term or geographic name entry element Molecule
9 (RLIN) 36440
700 ## - ADDED ENTRY--PERSONAL NAME
Personal name Choubisa, Rakesh., ed.
9 (RLIN) 36441
700 ## - ADDED ENTRY--PERSONAL NAME
Personal name Srivastava, Rajesh., ed.
9 (RLIN) 36442
942 ## - ADDED ENTRY ELEMENTS (KOHA)
Koha item type Books
Holdings
Withdrawn status Lost status Damaged status Not for loan Home library Current library Shelving location Date acquired Cost, normal purchase price Total Checkouts Full call number Barcode Date last seen Cost, replacement price Price effective from Koha item type Purchase Price
        IIA Library-Bangalore IIA Library-Bangalore General Stacks 22/07/2015 10022.00   539.1/ ATO 20007 05/11/2021 10022.00 22/07/2015 Books Rs. 10022.00

Powered by Koha